15 Longest flights in the world - Statistics

General Stats
  • This quiz has been taken 395 times
  • The average score is 11 of 15
Answer Stats
From To Airline (s) Distance Time % Correct
Perth London Heathrow Qantas 14,499km / 9,009mi 17:25
94%
Singapore Newark Singapore Airlines 15,344km / 9,534mi 18:30-18:45
93%
Manila New York JFK Philippine Airlines 13,712km / 8,520mi 16:30
91%
Singapore Los Angeles Singapore Airlines 14,114km / 8,770mi 15:00-17:50
89%
Abu Dhabi Los Angeles Etihad Airways 13,502km / 8,390mi 16:35-17:00
86%
Dubai Los Angeles Emirates 13,420km / 8,339mi 16:00-16:20
86%
Jeddah Los Angeles Saudia 13,409km / 8,332mi 16:05
86%
Doha Los Angeles Qatar Airways 13,367km / 8,306mi 16:00-16:20
86%
Houston Sydney United Airlines 13,834km / 8,596mi 17:30
82%
Doha Auckland Qatar Airways 14,535km / 9,032mi 17:40-18:20
66%
Dubai Auckland Emirates 14,200km / 8,823mi 17:05-17:20
66%
Singapore San Francisco Singapore Airlines, United Airlines 13,593km / 8,446mi 16:25-17:35
66%
Sydney Dallas/Fort Worth Qantas 13,804km / 8,577mi 16:50-17:05
56%
Atlanta Johannesburg Delta Air Lines 13,581km / 8,439mi 16:03-16:55
52%
Manila Toronto Philippine Airlines 13,230km / 8,221mi 15:30-16:30
46%
No matching quizzes found
Score Distribution
Percent of People with Each Score
Percentile by Number Answered
Your Score History
You have not taken this quiz